Statistics for Historical Timeline of Austria

Click here to take the quiz!

General Stats

  • This quiz has been taken 146 times
  • The average score is 13 of 16

Answer Stats

YearHintAnswer% Correct
16 BCR____ EmpireRoman Empire
100%
Archduchy of A______Archduchy of Austria
98%
Margraviate of A______Margraviate of Austria
98%
1867Austria-_______Austria-Hungary
97%
1804A_______ EmpireAustrian Empire
94%
1919First A_______ RepublicFirst Austrian Republic
94%
1938G______Germany
88%
H_______ MonarchyHabsburg Monarchy
85%
1945A_____-Occupied AustriaAllied-Occupied Austria
79%
County of Ty___County of Tyrol
79%
Duchy of Ba_____Duchy of Bavaria
76%
843East F______East Francia
76%
788F______Francia
76%
Archbishopric of S______Archbishopric of Salzburg
67%
Duchy of Sty___Duchy of Styria
65%
Duchy of Car______Duchy of Carinthia
53%

Score Distribution

Percentile by Number Answered

Percent of People with Each Score

Your Score History

You have not taken this quiz